000 00340nam a22001457a 4500
003 SGT
020 _a978-1-4160-6297-1
082 _a616.024
_bG08R
100 _aRAO, SATISH S.C.
245 _aGASTROENTEROLOGY CLINICS OF NORTH AMERICA
260 _aPHILADELPHIA
_bELSEVIER PUB
_c2008
300 _a762
490 _a37/3
942 _2ddc
_cBK
999 _c18404
_d18404